[Event "TUR-chT 2nd League"]
[Site "Konya"]
[Date "2019.07.25"]
[Round "6.16"]
[White "Ergani, Efe"]
[Black "Ozkale, Burak"]
[Result "1-0"]
[WhiteElo "1767"]
[BlackElo "1341"]
[PlyCount "41"]
[EventDate "2019.07.22"]
[EventType "team-swiss"]
[EventRounds "9"]
[EventCountry "TUR"]
[SourceTitle "CBM 191 Extra"]
[Source "ChessBase"]
[SourceDate "2019.09.30"]
[SourceVersion "1"]
[SourceVersionDate "2019.09.30"]
[SourceQuality "1"]
[WhiteTeam "Hayat Genclik"]
[BlackTeam "Maras Spor Kulubu"]
[WhiteTeamCountry "TUR"]
[BlackTeamCountry "TUR"]

1. Nf3 Nf6 2. c4 e6 3. Nc3 d5 4. e3 c5 5. d4 Nc6 6. dxc5 Bxc5 7. cxd5 exd5 8. Bb5 0-0 9. 0-0 Bg4 10. Be2 a6 11. b3 Re8 12. Bb2 Qd6 13. h3 Bh5 14. Nh4 Bxe2 15. Nxe2 Ne4 16. Nf5 Qg6 17. Nxg7 Nxf2 18. Rxf2 Bxe3 19. Nxe8 Rxe8 20. Qxd5 Qc2 21. Qxf7# 1-0

[Event "TUR-chT 2nd League"]
[Site "Konya"]
[Date "2019.07.24"]
[Round "4.16"]
[White "Ozkale, Burak"]
[Black "Hacioglu, Berkan"]
[Result "1-0"]
[WhiteElo "1341"]
[BlackElo "1957"]
[PlyCount "107"]
[EventDate "2019.07.22"]
[EventType "team-swiss"]
[EventRounds "9"]
[EventCountry "TUR"]
[SourceTitle "CBM 191 Extra"]
[Source "ChessBase"]
[SourceDate "2019.09.30"]
[SourceVersion "1"]
[SourceVersionDate "2019.09.30"]
[SourceQuality "1"]
[WhiteTeam "Maras Spor Kulubu"]
[BlackTeam "Yalova Altinkale"]
[WhiteTeamCountry "TUR"]
[BlackTeamCountry "TUR"]

1. d4 d5 2. c4 c6 3. cxd5 cxd5 4. Nc3 Nf6 5. Nf3 g6 6. Bf4 Bg7 7. h3 0-0 8. e3 a6 9. Bd3 Nc6 10. a3 Bf5 11. 0-0 Bxd3 12. Qxd3 Rc8 13. b4 b5 14. Rfc1 Re8 15. g4 e6 16. Ne5 Nd7 17. Nxd7 Qxd7 18. Bg3 Ne7 19. Nd1 Rc6 20. Nb2 Bf8 21. Qd2 Rec8 22. Nd3 Rc4 23. Nb2 Rxc1+ 24. Rxc1 Rc6 25. Nd3 Nc8 26. Kg2 Nb6 27. Ne5 Qb7 28. Nxc6 Nc4 29. Na5 Qa8 30. Nxc4 dxc4+ 31. f3 a5 32. Qc3 axb4 33. axb4 Qa2+ 34. Rc2 Qb1 35. Qb2 Qd1 36. Bf2 h5 37. Qc1 Qd3 38. Rc3 Qe2 39. Qc2 Qxc2 40. Rxc2 Bxb4 41. Kf1 Ba3 42. Be1 hxg4 43. hxg4 Kf8 44. Ke2 Ke7 45. Ra2 b4 46. Rxa3 bxa3 47. Bb4+ Kd7 48. Bxa3 Kc6 49. Kd2 Kd5 50. Kc3 f5 51. gxf5 exf5 52. Be7 Ke6 53. Bg5 Kd5 54. Bf4 1-0